|
|
|
|
| LEADER |
00000nab a2200000 a 4500 |
| 001 |
vtls000666842 |
| 003 |
SK-MaSNL |
| 005 |
20260304090540.0 |
| 008 |
250425c1998 xo 0 slo |
| 015 |
|
|
|a SNBRB1998/07-19012
|
| 035 |
|
|
|a CLN000019026
|
| 035 |
|
|
|a urn:nbn:sk:snk-abdpym
|
| 035 |
|
|
|a (urnnbn)urn:nbn:sk:snk:ar-001rme
|
| 035 |
|
|
|a (uuid)71cc5ca4-d454-4d7c-bc0e-c1db324651ae
|
| 040 |
|
|
|a SNKBUCL
|b slo
|c SNKBUCL
|e AACR2
|
| 041 |
0 |
|
|a slo
|
| 044 |
|
|
|a xo
|c SK
|
| 080 |
|
|
|a 72.071.1
|2 1997
|
| 080 |
|
|
|a 929 Lukačovič, Štefan
|2 1997
|
| 100 |
1 |
|
|a Ohrablo, František,
|d 1938-
|4 aut
|9 212527
|
| 245 |
1 |
0 |
|a Prof. Ing. arch. Štefan Lukačovič 85-ročný
|c František Ohrablo
|
| 300 |
|
|
|b Fotogr.
|
| 600 |
1 |
7 |
|a Lukačovič, Štefan,
|d 1913-2001
|2 snkbucl
|9 20583
|
| 655 |
|
7 |
|a články z novín a časopisov
|2 snkbucl
|9 267496
|
| 773 |
0 |
|
|t Projekt
|g Roč. 40, č. 4 (1998), s. 71-73
|x 1335-2180
|
| 850 |
|
|
|a Slovenská národná knižnica
|
| 852 |
|
|
|a Slovenská národná knižnica
|
| 954 |
|
|
|a odborná, vedecká literatúra pôvodná (slovenská)
|2 lita
|
| 958 |
|
|
|a article19
|
| 958 |
|
|
|a SK
|
| 958 |
|
|
|a BX
|
| 958 |
|
|
|a OND
|
| 958 |
|
|
|a EUIPO
|
| 992 |
|
|
|a RBX
|
| 999 |
|
|
|c 2811800
|d 2813730
|